MARC details
| 000 -CABECERA |
| campo de control de longitud fija |
00922cam a2200277 a 4500 |
| 001 - NÚMERO DE CONTROL |
| campo de control |
000004894 |
| 005 - FECHA Y HORA DE LA ÚLTIMA TRANSACCIÓN |
| campo de control |
20200929151528.0 |
| 008 - DATOS DE LONGITUD FIJA--INFORMACIÓN GENERAL |
| campo de control de longitud fija |
931122s1999 sp 000 p spa d |
| 020 ## - NÚMERO INTERNACIONAL ESTÁNDAR DEL LIBRO |
| ISBN cancelado o inválido |
8420634182 |
| 040 ## - FUENTE DE LA CATALOGACIÓN |
| Centro catalogador/agencia de origen |
DO-SdBNP |
| Centro/agencia transcriptor |
COn |
| Centro/agencia modificador |
DLC |
| 082 ## - NÚMERO DE LA CLASIFICACIÓN DECIMAL DEWEY |
| Número de clasificación |
Ch861.4 |
| Número de documento/Ítem |
N454vei |
| 049 ## - FONDOS LOCALES (OCLC) |
| Fondos de biblioteca |
BNGR |
| 100 1# - ENTRADA PRINCIPAL--NOMBRE DE PERSONA |
| Nombre de persona |
Neruda, Pablo, |
| Fechas asociadas al nombre |
1904-1973 |
| 9 (RLIN) |
9164 |
| 245 10 - MENCIÓN DE TÍTULO |
| Título |
Veinte poemas de amor y una canción desesperada / |
| Mención de responsabilidad, etc. |
Pablo Neruda ; prólogo de Jorge Edwards. |
| 260 ## - PUBLICACIÓN, DISTRIBUCIÓN, ETC. |
| Lugar de publicación, distribución, etc. |
Madrid : |
| Nombre del editor, distribuidor, etc. |
Alianza, |
| Fecha de publicación, distribución, etc. |
1999. |
| 300 ## - DESCRIPCIÓN FÍSICA |
| Extensión |
118 p. ; |
| Dimensiones |
17 cm. |
| 490 1# - MENCIÓN DE SERIE |
| Mención de serie |
Libro de bolsillo. Literatura |
| 490 1# - MENCIÓN DE SERIE |
| Mención de serie |
Literatura Hispanoamericana. Contemporáneos |
| 650 #4 - PUNTO DE ACCESO ADICIONAL DE MATERIA--TÉRMINO DE MATERIA |
| Término de materia o nombre geográfico como elemento de entrada |
Poesía chilena |
| 9 (RLIN) |
9166 |
| 650 #4 - PUNTO DE ACCESO ADICIONAL DE MATERIA--TÉRMINO DE MATERIA |
| Término de materia o nombre geográfico como elemento de entrada |
Literatura chilena |
| 9 (RLIN) |
3164 |
| 700 1# - PUNTO DE ACCESO ADICIONAL--NOMBRE DE PERSONA |
| Nombre de persona |
Edwards, Jorge, |
| Término indicativo de función/relación |
pról. |
| 9 (RLIN) |
14158 |
| 830 #0 - PUNTO DE ACCESO ADICIONAL DE SERIE-TÍTULO UNIFORME |
| Título uniforme |
Libro de bolsillo. Literatura |
| 9 (RLIN) |
9889 |
| 830 #0 - PUNTO DE ACCESO ADICIONAL DE SERIE-TÍTULO UNIFORME |
| Título uniforme |
Literatura Hispanoamericana Contemporáneos |
| 9 (RLIN) |
14159 |
| 910 ## - DATOS DE OPCIÓN DEL USUARIO (OCLC) |
| Datos de opción del usuario |
Catalogación por copia / LC |
| 910 ## - DATOS DE OPCIÓN DEL USUARIO (OCLC) |
| Datos de opción del usuario |
WM |